| 000 | 01144cam a2200337 i 4500 | ||
|---|---|---|---|
| 001 | 13392103 | ||
| 003 | EG-ScBUE | ||
| 005 | 20230319123539.0 | ||
| 008 | 031103t2004 caua f 001 0 eng d | ||
| 020 | _a1592730051 | ||
| 020 | _a9781592730056 | ||
| 040 |
_aDLC _beng _erda _cDLC _dDLC _dEG-ScBUE |
||
| 082 | 0 | 4 |
_a794.81711 _222 _bBRA |
| 100 | 1 |
_aBrackeen, David, _eauthor. _934765 |
|
| 245 | 1 | 0 |
_aDeveloping games in Java / _cDavid Brackeen with Bret Barker and Laurence Vanhelsuwe. |
| 264 | 1 |
_aBerkeley, California : _bNew Riders, _c[2004] |
|
| 264 | 4 | _cc2004 | |
| 300 |
_axxxii, 972 pages : _billustrations ; _c23 cm |
||
| 336 |
_2rdacontent _atext _btxt |
||
| 337 |
_2rdamedia _aunmediated _bn |
||
| 338 |
_2rdacarrier _avolume _bnc |
||
| 500 | _aIncludes index. | ||
| 546 | _aText in English ; summary in English. | ||
| 650 | 7 |
_aComputer games _xProgramming. _2BUEsh _912480 |
|
| 650 | 7 |
_aJava (Computer program language) _2BUEsh _93407 |
|
| 653 |
_cJanuary2014 _bCOMSCI |
||
| 655 | _vReading book | ||
| 700 | 1 |
_aBarker, Bret, _eauthor. _934766 |
|
| 700 | 1 |
_aVanhelsuwe, Laurence, _eauthor. _934767 |
|
| 942 |
_2ddc _cBB _k794.81711 BRA |
||
| 999 |
_c17896 _d17868 |
||